000 00698nam a22001577a 4500
003 OSt
005 20151208101321.0
008 151208b xxu||||| |||| 00| 0 eng d
040 _cRUA
082 _aATM PIN 2004 B193 Or.1
100 _94514
_aPIN, SOKKHY.
245 _athe effect of the number of ploughing by seven dis plough on rice yields and the weed quantity (ឥទ្ធិពលនសចំនួនសាដែលភ្ជួរដោយនង្គ័លថាសប្រាំពីរទៅលើទិន្នផលស្រុវ និង បរិមាណស្មៅចង្រៃ)
260 _aPhnom Penh
_bRUA
_c2004
300 _aviii, 56p.
_bill.
_c29cm.
942 _2ddc
_cATM
999 _c4206
_d4206